<?xml version="1.0" encoding="UTF-8"?>
<collection xmlns="http://www.loc.gov/MARC21/slim">
 <record>
  <leader>00366pamaa2200121   4500</leader>
  <controlfield tag="001">0000052357</controlfield>
  <controlfield tag="005">20140304090000.0</controlfield>
  <controlfield tag="008">140305s2011                             eng  </controlfield>
  <datafield tag="245" ind1="1" ind2="0">
   <subfield code="a">Management : </subfield>
   <subfield code="b">vol. 46, no. 1-5, 2011.</subfield>
  </datafield>
  <datafield tag="260" ind1="0" ind2="0">
   <subfield code="a">Kuala Lumpur: </subfield>
   <subfield code="b">Malaysian Institute Of Management.</subfield>
  </datafield>
  <datafield tag="300" ind1=" " ind2=" ">
   <subfield code="a">v.: </subfield>
   <subfield code="b">ill.; </subfield>
   <subfield code="c">26cm.</subfield>
  </datafield>
  <datafield tag="650" ind1="0" ind2="0">
   <subfield code="a">Management -- </subfield>
   <subfield code="x">Periodical </subfield>
  </datafield>
  <datafield tag="901" ind1=" " ind2=" ">
   <subfield code="u">www.mim.com</subfield>
  </datafield>
 </record>
</collection>
